Historia de las universidades /
-д хадгалсан:
| Үндсэн зохиолч: | |
|---|---|
| Формат: | Ном |
| Хэл сонгох: | испани |
| Хэвлэсэн: |
Barcelona, España :
Oikos-Tau,
1978, c1978
|
| Цуврал: | (¿Qué Sé? Oikos-Tau ;
122) |
| Нөхцлүүд: | |
| Шошгууд: |
Шошго байхгүй, Энэхүү баримтыг шошголох эхний хүн болох!
|
MARC
| LEADER | 00000nam^a2200000^a^4500 | ||
|---|---|---|---|
| 001 | 000024999 | ||
| 005 | 20250521000000.0 | ||
| 009 | 20260310084634.583 | ||
| 020 | |a 84-281-0394-1 | ||
| 037 | |a Acervo ITESO - Biblioteca | ||
| 041 | |a ESP | ||
| 082 | |a 378. 009 |b BAY | ||
| 100 | |a Bayen, Maurice |e (autor) | ||
| 240 | 1 | 1 | |a [Historia de las universidades] |
| 245 | 1 | 0 | |a Historia de las universidades / |c M. Bayen ; tr. por A. Giralt Pont. |
| 264 | 4 | |a Barcelona, España : |b Oikos-Tau, |c 1978, c1978 | |
| 300 | |a 151 p. | ||
| 336 | |a texto |b txt |2 rdacontenido | ||
| 337 | |a sin mediación |b n |2 rdamedio | ||
| 338 | |a volumen |b nc |2 rdasoporte | ||
| 440 | 1 | |a (¿Qué Sé? Oikos-Tau ; |v 122) | |
| 500 | |a Traducción de: Histoire des universités | ||
| 550 | |a Educación Superior - |z Francia - |x Historia | ||
| 649 | |a XX | ||
| 650 | |a Universidades - |z Francia - |x Historia | ||
| 650 | |a Universidades - |x Historia | ||
| 650 | |a Educación Superior - |x Historia - |x Tema Principal | ||
| 650 | |a Educación - |z Francia - |x Historia | ||
| 650 | |a Educación - |x Historia | ||
| 650 | |a Europa - |x Historia | ||
| 910 | |a Fondo General | ||
| 920 | |a Impresos - Libros | ||
| 930 | |a Colección General | ||
| 905 | |a 101 | ||
| 901 | |a 0249990200 |b IT1 |c ACC |i 908111 |u 20250521 | ||
| 902 | |a https://opac.biblio.iteso.mx/vufind/Record/000024999 | ||